Hopf bifurcation in the two locus genetic model
Saved in:
| Main Author: | |
|---|---|
| Format: | Book |
| Language: | English |
| Published: |
Providence, R.I. :
American Mathematical Society,
c1983
|
| Series: | Memoirs of the American Mathematical Society ;
; 284 |
| Subjects: | |
| Tags: |
Add Tag
No Tags, Be the first to tag this record!
|
MARC
| LEADER | 00000cam a2200000 i 4500 | ||
|---|---|---|---|
| 001 | 1/49694 | ||
| 008 | 941103s1983 eng d | ||
| 020 | |a 0821822845 | ||
| 035 | |l 10043678 | ||
| 035 | |a 1994 | ||
| 040 | |a GR-MY-UA |b gre |e aacr | ||
| 041 | 0 | |a eng | |
| 082 | 0 | |a 575.10724 | |
| 100 | 1 | |a Akin, Ethan |d 1946- | |
| 245 | 1 | 0 | |a Hopf bifurcation in the two locus genetic model / |c Ethan Akin |
| 260 | |a Providence, R.I. : |b American Mathematical Society, |c c1983 | ||
| 300 | |a v, 190 p.; |c 26 cm | ||
| 490 | 1 | |a Memoirs of the American Mathematical Society |v ; 284 | |
| 500 | |a Includes index | ||
| 504 | |a Bibliography: p. 186 | ||
| 650 | 0 | 0 | |a Genetics |x Mathematical models. |
| 650 | 0 | 0 | |a Bifurcation theory. |
| 830 | 0 | |a Memoirs of the American Mathematical Society ; |v ; 284 | |
| 852 | |a INST |b SAMOS |e 19941103 |h 575.10724 AKI |p 005300009601 |q 005300009601 |t BK |y 0 | ||
| 909 | |a Σ |b 033647 | ||